| 000 | 01140nam a22003617a 4500 | ||
|---|---|---|---|
| 001 | 0018365 | ||
| 003 | KOHA_MİRAKIL | ||
| 005 | 20260207002210.0 | ||
| 007 | ta | ||
| 008 | 100630b2003 tu |||gr||||#||||0|tur | | ||
| 020 | _a975322043X | ||
| 040 |
_aTR-BiSEU _btur _cTR-BiSEU _erda |
||
| 041 | 0 | _atur | |
| 044 | _ctu | ||
| 050 |
_aBF6375 _b.G37 2003 |
||
| 100 | 1 | _aGordon, Thomas. | |
| 240 | 1 | 0 |
_aLeader effectiveness training _lTürkçe |
| 245 | 1 |
_aE.L.E. etkili liderlik eğitimi = _bLeader effectiveness training/ _cThomas Gordon ; Thomas Gordon; çev. Emel Aksoy; edt. Birsen Özkan. |
|
| 264 | 1 |
_aİstanbul : _bSistem Yayıncılık, 2002 _c2003 |
|
| 300 | _aXIV, 256 s. | ||
| 336 |
_ametin _btxt _2rdacontent |
||
| 337 |
_aaracısız _bn _2rdamedia |
||
| 338 |
_acilt _bnc _2rdacarrier |
||
| 490 | 1 |
_aSistem yayıncılık ; _v136. |
|
| 490 | 1 | _aLiderlik dizisi | |
| 500 | _aKaynakça var. | ||
| 650 | 0 |
_aLiderlik. _93701 |
|
| 650 | 0 |
_aÖrgütsel davranış. _93926 |
|
| 650 | 0 |
_aYöneticilik yeteneği. _96562 |
|
| 830 | 1 |
_aSistem yayıncılık ; _v136. _95540 |
|
| 830 | 1 |
_aLiderlik dizisi _97478 |
|
| 942 |
_2lcc _cBK |
||
| 999 |
_c18322 _d18322 |
||